MARC details
| 000 -LEADER |
| fixed length control field |
01475nam a2200253 a 4500 |
| 008 - FIXED-LENGTH DATA ELEMENTS--GENERAL INFORMATION |
| fixed length control field |
120416s1982 ||||||||||||||||| || u |
| 020 ## - INTERNATIONAL STANDARD BOOK NUMBER |
| International Standard Book Number |
0521288029 |
| 050 ## - LIBRARY OF CONGRESS CALL NUMBER |
| Classification number |
HA 29 Cle |
| 100 ## - MAIN ENTRY--PERSONAL NAME |
| Personal name |
Clegg, Frances |
| 245 10 - TITLE STATEMENT |
| Title |
Simple statistics |
| 246 ## - |
| -- |
a course book for the social sciences |
| 260 ## - PUBLICATION, DISTRIBUTION, ETC. |
| Place of publication, distribution, etc. |
UK |
| Name of publisher, distributor, etc. |
Cambridge University Press |
| Date of publication, distribution, etc. |
1982 |
| 300 ## - PHYSICAL DESCRIPTION |
| Extent |
viii, 200 p. : ill. |
| 350 ## - |
| -- |
0.00 |
| 650 #3 - SUBJECT ADDED ENTRY--TOPICAL TERM |
| Topical term or geographic name entry element |
P0PULATION STATISTICS |
| 650 ## - SUBJECT ADDED ENTRY--TOPICAL TERM |
| Topical term or geographic name entry element |
SOCIAL SCIENCES--STATISTICAL METHODS--COMPUTER PROGRAM--EXERCISES, PROBLEMS, ETC |
| 856 ## - ELECTRONIC LOCATION AND ACCESS |
| Uniform Resource Identifier |
http://www.loc.gov/catdir/description/cam022/82012883.html |
| 856 ## - ELECTRONIC LOCATION AND ACCESS |
| Uniform Resource Identifier |
http://www.loc.gov/catdir/toc/cam025/82012883.html |
| 995 ## - |
| -- |
MAIN LIBRARY OPEN ACCESS |
| -- |
0.00 |
| -- |
731687 |
| -- |
CBU-MAIN LIBRARY (Kitwe) |
| -- |
5 |
| -- |
0.00 |
| -- |
HA 29 Cle |
| -- |
5 |
| -- |
AVAILABLE |
| -- |
029385 |
| -- |
Main Library Open Access Collection |
| 995 ## - |
| -- |
MAIN LIBRARY OPEN ACCESS |
| -- |
0.00 |
| -- |
735422 |
| -- |
CBU-MAIN LIBRARY (Kitwe) |
| -- |
4 |
| -- |
0.00 |
| -- |
HA 29 Cle |
| -- |
4 |
| -- |
AVAILABLE |
| -- |
40539 |
| -- |
Main Library Open Access Collection |
| 995 ## - |
| -- |
ANNEX COLLECTION (Main Library) |
| -- |
0.00 |
| -- |
733374 |
| -- |
CBU-MAIN LIBRARY (Kitwe) |
| -- |
1 |
| -- |
0.00 |
| -- |
HA 29 Cle |
| -- |
1 |
| -- |
AVAILABLE |
| -- |
45302 |
| -- |
Annex Low-Usage Collection |
| 995 ## - |
| -- |
MAIN LIBRARY OPEN ACCESS |
| -- |
0.00 |
| -- |
733390 |
| -- |
CBU-MAIN LIBRARY (Kitwe) |
| -- |
3 |
| -- |
0.00 |
| -- |
HA 29 Cle |
| -- |
3 |
| -- |
AVAILABLE |
| -- |
45229 |
| -- |
Main Library Open Access Collection |
| 995 ## - |
| -- |
ANNEX COLLECTION (Main Library) |
| -- |
0.00 |
| -- |
735423 |
| -- |
CBU-MAIN LIBRARY (Kitwe) |
| -- |
2 |
| -- |
0.00 |
| -- |
HA 29 Cle |
| -- |
2 |
| -- |
AVAILABLE |
| -- |
Aug 25, 2006 |
| -- |
40540 |
| -- |
Annex Low-Usage Collection |
| 999 ## - |
| -- |
77394 |
| -- |
77394 |